00996ntm a22002417a 450000500170000000800410001704000280005808200170008610000390010324501220014226000100026430000280027450001770030259000140047965000400049365300230053365500240055670000240058077700240060494200080062899900170063695201010065320170827122921.0170802s2012 xx a frb 000 0 eng d aEG-ScBUEbengcEG-ScBUE04a624bBAT2221 aEl Batrawy, Mohamed Khairy Maawad.10aPuplic- private partnership in infrastrastructrual construction project in Egypt /cMohamed Khairy Maawad El Batrawy. c2012. a97 p. :bill. ;c28 cm. aA dissertation submitted to the faculty of engineering, The British University in Egypt, in partial fulfillment of the requirements of bachelor degree in civil engineering. amai allam 72BUEshaCivil Engineering.vProjects bENGCIVcAugust2017 vProjects - Students1 aOsman, Ayman,eths. AProjects - Students 2ddc c25419d25391 00102ddc4070aMAINbMAINc2NDd2017-08-17l0o624 BATp000046610r2025-07-15 00:00:00yPROJST